000 00253nam a22001097a 4500
082 _a030 CHA'I
100 _aINTERNATIONAL
_910232
245 _aCHAMBER'S ENCYLOPEDIA VOLUME - V
260 _aLONDON
_bINTERNATIONAL
_c1973
300 _a832P
942 _cBK
999 _c583283
_d583283